Formazione alla vita religiosa e alla preghiera paolina nella storia delle Figlie di San Paolo (Record n. 98746)
[ formato base ]
| 000 -LEADER | |
|---|---|
| fixed length control field | 00616nam a22001697a 4500 |
| 003 - CONTROL NUMBER IDENTIFIER | |
| control field | IT-RoPau |
| 005 - DATE AND TIME OF LATEST TRANSACTION | |
| control field | 20220918181108.0 |
| 008 - FIXED-LENGTH DATA ELEMENTS--GENERAL INFORMATION | |
| fixed length control field | 130613b xxu||||| |||| 00| 0 eng d |
| 040 ## - CATALOGING SOURCE | |
| Transcribing agency | IT-RoPau |
| 100 ## - MAIN ENTRY--PERSONAL NAME | |
| Personal name | Borgogno, Concettina |
| 9 (RLIN) | 688 |
| 245 ## - TITLE STATEMENT | |
| Title | Formazione alla vita religiosa e alla preghiera paolina nella storia delle Figlie di San Paolo |
| Remainder of title | Memorie e Documenti |
| 250 ## - EDITION STATEMENT | |
| Edition statement | 1° ed. |
| 260 ## - PUBLICATION, DISTRIBUTION, ETC. (IMPRINT) | |
| Place of publication, distribution, etc. | Roma |
| Name of publisher, distributor, etc. | Casa Generalizia FSP |
| Date of publication, distribution, etc. | 1994 |
| 300 ## - PHYSICAL DESCRIPTION | |
| Extent | 171 p. |
| Dimensions | 29 cm |
| 520 ## - SUMMARY, ETC. | |
| Summary, etc. | INDICE<br/>Premessa;<br/>Sigle;<br/>Parte Prima: Formazione alla vita religiosa;<br/>Parte Seconda: Vita di preghiera;<br/>Conclusione. |
| 942 ## - ADDED ENTRY ELEMENTS (KOHA) | |
| Source of classification or shelving scheme | Dewey Decimal Classification |
| Koha item type | RIVISTA |
| Withdrawn status | Lost status | Source of classification or shelving scheme | Damaged status | Not for loan | Home library | Current library | Date acquired | Total Checkouts | Full call number | Date last seen | Price effective from | Koha item type |
|---|---|---|---|---|---|---|---|---|---|---|---|---|
| Dewey Decimal Classification | Buone Condizioni | Not For Loan | PAULUS-BIBLIOTECA | PAULUS-BIBLIOTECA | 13/06/2013 | P D3 | 13/06/2013 | 13/06/2013 | RIVISTA | |||
| Dewey Decimal Classification | Buone Condizioni | Not For Loan | PAULUS-BIBLIOTECA | PAULUS-BIBLIOTECA | 13/06/2013 | P D3 | 13/06/2013 | 13/06/2013 | RIVISTA | |||
| Dewey Decimal Classification | Buone Condizioni | Not For Loan | PAULUS-BIBLIOTECA | PAULUS-BIBLIOTECA | 13/06/2013 | P D3 | 13/06/2013 | 13/06/2013 | RIVISTA |